000 00636nam a2200205Ii 4500
003 JO-AjNU
008 230606s9999||||xx |||||||||||||| ||und||
020 _a978-81-248-0256-4
040 _aJO-AjNU
_beng
_erda
_cJO-AjNU
041 _aeng
050 1 4 _aPR504 2012
100 3 _aDhar, A.N,
_eauthor
_93026
245 0 0 _aPoetry Of Meditation On the Sacred: An English Translation Of Wali Muhammad Aseer Kishtwari Kashmiri Verses
264 3 1 _aNew Delhi: PEACOCK BOOK, 2012
300 _a87P
336 _atext
_btxt
_2rdacontent
337 _aunmediated
_bn
_2rdamedia
338 _avolume
_bnc
_2rdacarrier
650 4 _aPoetry
_93027
999 _aE1587
_c1587
_d1587